Największe miasta w Austrii - Statystyki

Ogólne statystyki
  • Ten quiz został rozwiązany 142 razy
  • Średni wynik to 6 z 15
Statystyki odpowiedzi
LP Liczba Ludności Miasta % Poprawnych
1. 1.714.100 Wiedeń
100%
2. 265.300 Graz
91%
4. 148.100 Salzburg
89%
5. 121.300 Innsbruck
85%
3. 191.100 Linz
81%
7. 59.600 Villach
34%
6. 94.800 Klagenfurt am Worthersee
33%
9. 52.000 Sankt Polten
19%
10. 46.000 Wiener Neustadt
19%
14. 28.000 Bregencja
17%
8. 58.700 Wels
16%
12. 38.200 Steyr
13%
11. 41.500 Dornbirn
9%
13. 31.000 Feldkirch
6%
15. 25.900 Klosterneuburg
3%
Nie znaleziono quizów pasujących do podanych kryteriów
Rozkład punktacji
Procent ludzi z każdym wynikiem
Percentyl według liczby udzielonych odpowiedzi
Twoja historia wyników
Nie rozwiązałeś tego quizu